Statistics for Victoria's Secret Fashion Show Performers

Click here to take the quiz!

General Stats

  • This quiz has been taken 197 times
    (161 since last reset)
  • The average score is 13 of 39

Answer Stats

HintAnswer% Correct
2014Taylor Swift
85%
2013Taylor Swift
85%
2012Justin Bieber
73%
2012Rihanna
71%
2015Selena Gomez
68%
2012Bruno Mars
65%
2016Lady Gaga
62%
2006Justin Timberlake
60%
2011Maroon 5
59%
2016Bruno Mars
57%
2016Bruno Mars
57%
2015The Weeknd
56%
2014Ariana Grande
53%
2010Katy Perry
49%
2014Ed Sheeran
40%
2011Kanye West
40%
2009The Black Eyed Peas
39%
2011Nicki Minaj
36%
2008Usher
34%
2014Hozier
30%
2007Seal
30%
2005Seal
30%
2011Jay-Z
28%
2015Ellie Goulding
26%
2010Akon
18%
2007Will.i.am
14%
2013Neon Jungle
13%
2002Destiny's Child
10%
2013Fall Out Boys
10%
2005Ricky Martin
10%
2007Spice Girls
10%
2003Sting
4%
2001Andrea Bocelli
3%
2003Eve
2%
2001Mary J Blidge
2%
2003Mary J Blidge
2%
2005Chris Botti
1%
2002Phil Collins
1%
2002Marc Anthony
0%

Score Distribution

Percentile by Number Answered

Percent of People with Each Score

Your Score History

You have not taken this quiz since the last reset